LEADER 00995nam a2200217 u 4500 001 000000068539 003 CaOOAMICUS 005 20070226121817.0 008 020312s1850 it d u000 u ita u 035 $a10923594 040 $aPUL(R)$bita 100 1 $aVannicelli Casoni, Luigi,$ccard.,$d1801-1877.$0(OLS)http://pul/name/45594 245 10$aCompendio dei ragguagli delle diverse misure agrarie locali dello Stato Pontificio ... /$cdi sua eminenza Luigi Vannicelli Casoni. 260 $a[S. l. :$bs. n.],$c1850. 300 $aix, 205 p. :$bdiagr. ;$c25 cm 610 14$aSanta Sede.$0(OLS)http://pul/subject/2737 850 $aPUL 852 $aPUL$W1$xDP1 Antico 800$y27$m113 F 12$j88636$nBK-PRI$b $qStampati Antico$B88636$CPULBib$Z2$F88636 $H $81 941 1 $a15 996 $6245$aCompendio dei ragguagli delle diverse misure agrarie locali dello Stato Pontificio ...$9(OLS)http://pul/title/90649 996 $6260$a[S. l. :$bs. n.]$9(OLS)http://pul/publisher/47882 LEADER 01090nam a2200265 u 4500 001 000000059989 003 CaOOAMICUS 005 20070226120848.0 008 010709s1964 gw u000 u ger u 035 $a10896648 040 $aPUL(R)$bita 100 1 $aAsmussen, Hans.$0(OLS)http://pul/name/41219 245 10$aIch frage Sie... :$bein Briefwechsel über die moderne Theologie /$cHans Asmussen, Heinz Zahrnt. 260 $aHamburg :$bFurche,$cc1964. 300 $a121 p. ;$c18 cm 490 1 $aStundenbuch ;$v37 650 4$aTeologia$ySec. XX.$0(OLS)http://pul/subject/1844 700 1 $aZahrnt, Heinz,$d1915-2003.$0(OLS)http://pul/name/6456 830 0$aStundenbuch ;$v37.$0(OLS)http://pul/title/41247 850 $aPUL 852 $aPUL$W1$xSL Religione 1$y3$m58 C 60$j78169$nBK-PRI$b $qStampati$B78169$CPULBib$Z2$F78169 $H $81 941 1 $a8 961 $aINV: 63133 996 $6245$aIch frage Sie... :$bein Briefwechsel über die moderne Theologie$9(OLS)http://pul/title/80233 996 $6260$aHamburg :$bFurche$9(OLS)http://pul/publisher/61011